000
00308nam a22001457a 4500
008
210528b ||||| |||| 00| 0 eng d
020
_a
9781285061894
041
_a
eng
080
_2
12th
_a
316
082
_a
316
100
_a
50
101
_a
SOC
245
_a
Our Sexuality
_c
Crooks,R
942
_2
udc
_c
BK
999
_c
57807
_d
57807